00364nam a22001337a 4500020001500000040000900015082001600024100002300040110002000063245004500083250001600128260004100144650004500185 a997151401X cNUST a621.815 JUV aJuvinail, Robert C aMarshek, Kurt M aFundamentals of Machine Component Design a3th Edition aNew York:bJohn Wiley & Sons,c2002. aFundamentals of Machine Component Design